banner-ar

ثورة 23 يوليو 1952 من التنظيم السرى الى سقوط فاروق : (Record no. 2884)

MARC details
000 -الفاتح
حقل البيانات ثابتة الطول 00687nam a2200193Ia 4500
005 - وقت وتاريخ اخر تعامل مع التسجيلة
رقم الضبط 20240530094958.0
008 - عناصر البيانات ثابتة الطول - معلومات عامة
حقل البيانات ثابتة الطول 140319s9999 xx 000 0 ara d
020 ## - الرقم الدولى المعيارى للكتب
الرقم الدولى المعيارى للكتاب 1050917977
040 ## - مصدر الفهرسة
وكالة الفهرسة الأصلية GCL /
وكالة النسخ GCL
082 04 - رقم تصنيف ديوى العشرى
رقم التصنيف 962.054
رقم المادة ق/ف ث
100 1# - المدخل الرئيسى - إسم شخصى
الإسم الشخصى فطين احمد فريد
245 10 - بيان العنوان
العنوان ثورة 23 يوليو 1952 من التنظيم السرى الى سقوط فاروق :
بقية العنوان 26 اغسطس 1936-7 سبتمبر 1953 /
بيان المسئوليه,etc فطين احمد فريد
300 ## - الوصف المادى
التعداد 697 ص ؛
أبعاد الوعاء 25 سم
650 04 - المدخل الاضافى بالموضوع-مصطلح موضوعى
مصطلح موضوعي الملك فاروق
650 04 - المدخل الاضافى بالموضوع-مصطلح موضوعى
مصطلح موضوعي مصر - تاريخ
650 04 - المدخل الاضافى بالموضوع-مصطلح موضوعى
مصطلح موضوعي مصر - تاريخ - العصر الحديث - ثورة 23 يوليو 1952
942 ## - عناصر المدخل الإضافي( كوها)
مصدر التصنيف او مخطط الترفيف Dewey Decimal Classification
Koha [default] item type كتاب
Holdings
حالة التراجع حالة الفقد حالة تلف ليس للاعارة المكان المؤقت الموقع الحالى تاريخ الاكتساب اجمالي اﻻعارات رقم الطلب الباركود تاريخ اخر مشاهدة تاريخ تفعيل السعر نوع وعاء كوها
        مكتبة القاهرة الكبرى مكتبة القاهرة الكبرى 03/26/2014   962.054 ق/ ف ث 6441 03/26/2014 03/26/2014 كتاب
        مكتبة القاهرة الكبرى مكتبة القاهرة الكبرى 03/26/2014   962.054 ق/ ف ث 6442 03/26/2014 03/26/2014 كتاب
        مكتبة القاهرة الكبرى مكتبة القاهرة الكبرى 03/26/2014   962.054 ق/ ف ث 6443 03/26/2014 03/26/2014 كتاب
        مكتبة القاهرة الكبرى مكتبة القاهرة الكبرى 03/26/2014   962.054 ق/ ف ث 6444 03/26/2014 03/26/2014 كتاب
        مكتبة القاهرة الكبرى مكتبة القاهرة الكبرى 03/26/2014   962.054 ق/ ف ث 6445 03/26/2014 03/26/2014 كتاب
        مكتبة القاهرة الكبرى مكتبة القاهرة الكبرى 03/26/2014   962.054 ق/ ف ث 6446 03/26/2014 03/26/2014 كتاب
        مكتبة القاهرة الكبرى مكتبة القاهرة الكبرى 03/26/2014   962.054 ق/ ف ث 6447 03/26/2014 03/26/2014 كتاب

Powered By

EGPV